[Event "Olympiad"]
[Site "masterchessopen.com - Buenos Aires (Argentina)"]
[Round "0"]
[White "Polugaevsky Lev A (RUS)"]
[Black "Vilela Jose Luis (CUB)"]
[Result "1-0"]
[WhiteElo "2620"]
[BlackElo "2435"]

1.c4 c5 2.Nf3 Nf6 3.d4 e6 4.d5 exd5 5.cxd5 d6 6.Nc3 g6 7.e4 Bg7 8.Be2 O-O
9.O-O Bg4 10.h3 Bxf3 11.Bxf3 a6 12.Bf4 Ne8 13.a4 Nd7 14.Be2 Qe7 15.Qc2 Nc7
16.Rfe1 Rab8 17.Bf1 Rfe8 18.Qd2 Bd4 19.Kh1 Qf8 20.Bh6 Bg7 21.Bxg7 Qxg7 22.f4
Na8 23.Rad1 Rbd8 24.Qf2 Nab6 25.Be2 Kh8 26.a5 Na8 27.Bg4 Nc7 28.Bxd7 Rxd7
29.e5 dxe5 30.Qxc5 f6 31.fxe5 fxe5 32.d6 Nb5 33.Nxb5 axb5 34.Qxb5 e4 35.b4 h5
36.Qd5 e3 37.Rd3 Qf6 38.Qf3 Qxf3 39.gxf3 e2 40.Rd2 Re6 41.Rexe2 {#r} 1-0

[Event "Memorial A.Sokolsky"]
[Site "masterchessopen.com - Minsk (Belarus)"]
[Round "0"]
[White "Dydyshko Viacheslav (BLR)"]
[Black "Kapengut Albert Z (USA)"]
[Result "0-1"]
[WhiteElo "2512"]
[BlackElo "2465"]

1.d4 Nf6 2.c4 c5 3.d5 e6 4.Nc3 exd5 5.cxd5 d6 6.Nf3 g6 7.e4 Bg7 8.Be2 O-O
9.O-O Bg4 10.Bf4 Re8 11.Nd2 Bxe2 12.Qxe2 Nh5 13.Be3 Nd7 14.g4 Nhf6 15.h3 Nb6
16.Rae1 Qd7 17.Qf3 h5 18.g5 Nh7 19.Qg3 Rad8 20.Bf4 Na4 21.Nc4 h4 22.Qd3 b5
23.Nxd6 Nxb2 24.Qf3 Re5 25.Ndxb5 Nxg5 26.Bxg5 Rxg5+ 27.Kh1 Nc4 28.d6 a6 29.Nc7
Nd2 {#R} 0-1

[Event "?"]
[Site "masterchessopen.com - Yugoslavia"]
[Round "0"]
[White "Nikolac Juraj (CRO)"]
[Black "Rajkovic Dusan (SRB)"]
[Result "0-1"]
[WhiteElo "2495"]
[BlackElo "2415"]

1.d4 Nf6 2.c4 c5 3.d5 e6 4.Nc3 exd5 5.cxd5 d6 6.e4 g6 7.Be2 Bg7 8.Nf3 O-O
9.O-O Bg4 10.h3 Bxf3 11.Bxf3 Nbd7 12.Qc2 Re8 13.Bd2 c4 14.Be3 a6 15.a4 Rc8
16.a5 Nc5 17.Ra3 Nfd7 18.Na4 Qe7 19.Bxc5 Nxc5 20.Nb6 Rc7 21.Nxc4 Nd7 22.Qa4
Rec8 23.Be2 Nc5 24.Qb4 Nxe4 25.Nb6 Re8 26.Re3 Bh6 27.f4 f5 28.Bd3 Qh4 29.Qe1
Qxe1 30.Rexe1 Bg7 31.Nc4 Rc5 32.Nd2 Nf6 33.Rxe8+ Nxe8 34.Re1 Kf8 35.Nc4 Rxd5
36.Bf1 Bd4+ 37.Kh1 Bc5 38.Rb1 Bb4 39.Ra1 Nf6 40.Ra4 Be1 41.Ra3 Ne4 42.Kh2 Rb5
43.Rd3 d5 44.Nb6 Rxb2 45.Rxd5 Bg3+ 46.Kg1 {#R} 0-1

[Event "It (open)"]
[Site "masterchessopen.com - Copenhagen (Denmark)"]
[Round "2"]
[White "Mihalcisin Adrian (SLO)"]
[Black "Bjerring Kai (DEN)"]
[Result "1-0"]
[WhiteElo "2490"]
[BlackElo "2330"]

1.d4 c5 2.d5 e6 3.c4 Nf6 4.Nc3 exd5 5.cxd5 d6 6.e4 g6 7.Nf3 Bg7 8.Be2 O-O
9.O-O Bg4 10.Bf4 Re8 11.h3 Nxe4 12.hxg4 Bxc3 13.Bb5 Bxb2 14.Bxe8 Qxe8 15.Rb1
Nc3 16.Re1 Qb5 17.Qc2 Nxb1 18.Rxb1 Na6 19.Rxb2 Nb4 20.Qd2 Qc4 21.Bxd6 Rd8
22.Bxc5 Nxd5 23.Bd4 b6 24.Rc2 Qa4 25.Rc1 {#r} 1-0

[Event "Ch Czechoslovakia"]
[Site "masterchessopen.com - Trnava (Slovakia)"]
[Round "7"]
[White "Ftacnik Lubomir (SVK)"]
[Black "Sikora-Lerch Jan (CZE)"]
[Result "1-0"]
[WhiteElo "2475"]
[BlackElo "2410"]

1.d4 c5 2.d5 Nf6 3.c4 e6 4.Nc3 exd5 5.cxd5 d6 6.Nf3 g6 7.e4 Bg7 8.Be2 O-O
9.O-O Nbd7 10.Bg5 h6 11.Bh4 Qe7 12.Nd2 g5 13.Bg3 Ne5 14.Re1 a6 15.a4 Rb8 16.h3
Rd8 17.Qc2 Qe8 18.a5 Qe7 19.Nd1 g4 20.hxg4 Bxg4 21.Ne3 Bxe2 22.Nf5 Qd7 23.Rxe2
Nh5 24.Ra3 Kh7 25.Bh2 Rg8 26.Rh3 Nf6 27.Nc4 Nxc4 28.e5 Kh8 29.exf6 {#r} 1-0

[Event "Ch Yugoslavia"]
[Site "masterchessopen.com - Borovo (Yugoslavia)"]
[Round "0"]
[White "Bukic Enver (SLO)"]
[Black "Martinovic Slobodan (SRB)"]
[Result "1-0"]
[WhiteElo "2485"]
[BlackElo "2475"]

1.d4 Nf6 2.c4 c5 3.d5 e6 4.Nc3 exd5 5.cxd5 d6 6.Nf3 g6 7.e4 Bg7 8.Be2 O-O
9.O-O Bg4 10.h3 Bxf3 11.Bxf3 Nbd7 12.Bf4 Ne8 13.a4 a6 14.Be2 Qe7 15.Qc2 Rc8
16.Rae1 Bd4 17.Kh1 Nc7 18.Bh6 Rfe8 19.Bg4 Rcd8 20.f4 b5 21.Qd2 b4 22.Nd1 f6
23.Bf3 Nb6 24.b3 Kh8 25.Re2 Qf7 26.Rfe1 Nc8 27.Qd3 Ne7 28.f5 gxf5 29.exf5
Nexd5 30.Qc4 Re5 31.Ne3 Bxe3 32.Rxe3 Kg8 33.Bxd5 Qxd5 34.Qg4+ Kf7 35.Qg7+ Ke8
36.Qxc7 Qf7 37.Qc6+ Qd7 38.Qxa6 Qxf5 39.Qc4 Qe6 40.Qxe6+ {#r} 1-0

[Event "It (open)"]
[Site "masterchessopen.com - Caorle (Italy)"]
[Round "9"]
[White "Zoebisch Herbert (AUT)"]
[Black "Billio Atto (ITA)"]
[Result "1-0"]
[WhiteElo "2149"]
[BlackElo "2071"]

1.d4 Nf6 2.c4 c5 3.d5 d6 4.Nc3 g6 5.e4 Bg7 6.Nf3 O-O 7.Be2 e6 8.O-O exd5
9.cxd5 Bg4 10.Bf4 Re8 11.Nd2 Bxe2 12.Qxe2 Nh5 13.Be3 Na6 14.g4 Nf6 15.h3 Nc7
16.a4 Re7 17.Qd3 h5 18.g5 Nd7 19.f4 Na6 20.Rac1 Nb4 21.Qb1 a6 22.e5 Nb6 23.Qe4
Kh7 24.a5 Nd7 25.Nc4 dxe5 26.f5 Re8 27.Nd6 Qxa5 28.Nxf7 Qb6 29.d6 Qc6 30.fxg6+
Kg8 31.Qh4 Nd3 32.Qc4 {#r} 1-0

[Event "Ch Netherlands"]
[Site "masterchessopen.com - Leeuwarden (Netherlands)"]
[Round "0"]
[White "Donner Jan-Hein (NED)"]
[Black "Van Der Vliet Fred (NED)"]
[Result "1-0"]
[WhiteElo "2465"]
[BlackElo "2395"]

1.d4 Nf6 2.c4 c5 3.d5 e6 4.Nc3 exd5 5.cxd5 d6 6.Nf3 g6 7.e4 Bg7 8.Be2 O-O
9.O-O Bg4 10.Bf4 Re8 11.Nd2 Bxe2 12.Qxe2 Nh5 13.Be3 Nd7 14.g4 Nhf6 15.h3 h5
16.g5 Nh7 17.f4 Nb6 18.a4 Qd7 19.Kg2 Bxc3 20.bxc3 Nxa4 21.c4 a6 22.Qd3 b5
23.Rfb1 b4 24.Re1 Nc3 25.e5 dxe5 26.Bxc5 e4 27.Nxe4 Qf5 28.Nf2 Rxe1 29.Rxe1
Qxd3 30.Nxd3 a5 31.Bd4 Na2 32.c5 Nf8 33.c6 Rc8 34.Ne5 b3 35.Nd7 Nb4 36.Re8
Rxe8 37.Nf6+ Kh8 38.Nxe8+ Kg8 39.c7 {#r} 1-0

[Event "It (cat.9)"]
[Site "masterchessopen.com - Tallinn (Estonia)"]
[Round "0"]
[White "Bagirov Vladimir (LAT)"]
[Black "Djuric Stefan (SRB)"]
[Result "1-0"]
[WhiteElo "2505"]
[BlackElo "2460"]

1.d4 Nf6 2.c4 c5 3.d5 e6 4.Nc3 exd5 5.cxd5 g6 6.e4 d6 7.Nf3 Bg7 8.Be2 O-O
9.O-O Bg4 10.Bf4 Na6 11.h3 Bxf3 12.Bxf3 Qb6 13.Rc1 Rfe8 14.b3 Rad8 15.Re1 Qa5
16.a4 Nb4 17.Nb5 Qb6 18.Qd2 Rd7 19.Na3 Qd8 20.Nc4 b6 21.g4 h6 22.h4 a6 23.g5
hxg5 24.hxg5 Nh5 25.Bxh5 gxh5 26.f3 Bd4+ 27.Kh1 f6 28.Ne3 Bxe3 29.Bxe3 Rg7
30.g6 Qd7 31.Kh2 Ree7 32.Bh6 Rxg6 33.Rg1 Kh7 34.Rxg6 Kxg6 35.Rg1+ Kh7 36.Qg2
Qe8 37.Bf4 Nd3 38.Bxd6 Rd7 39.Qg3 b5 40.axb5 axb5 41.f4 Nf2 42.Qxf2 Rxd6
43.Qxc5 Qb8 44.Qc2 f5 45.e5 Rd8 {#r} 1-0

[Event "?"]
[Site "masterchessopen.com - USA"]
[Round "0"]
[White "Ivanov Alexander Al (RUS)"]
[Black "Gurevich Dmitry (USA)"]
[Result "0-1"]
[WhiteElo "2448"]
[BlackElo "2505"]

1.d4 Nf6 2.Nf3 e6 3.c4 c5 4.d5 exd5 5.cxd5 d6 6.Nc3 g6 7.e4 Bg7 8.Be2 O-O
9.O-O Bg4 10.Bf4 a6 11.h3 Bxf3 12.Bxf3 Ne8 13.a4 Nd7 14.Qd2 Rb8 15.Be2 Qe7
16.Rfe1 Nc7 17.Bf1 Rfe8 18.Kh1 b6 19.Bg5 Qe5 20.f4 Qd4 21.Qc2 c4 22.e5 b5
23.Rad1 Qb6 24.e6 fxe6 25.dxe6 Rxe6 26.axb5 axb5 27.Rxe6 Nxe6 28.Nxb5 Nxg5
29.Bxc4+ Kh8 30.fxg5 Ne5 31.Nxd6 Qxb2 32.Qe4 Rf8 33.Qd5 Qa3 34.Qe6 Qg3 35.Ne4
Qe3 36.Bd5 Nd3 37.Bc4 Qxe4 {#R} 0-1

[Event "?"]
[Site "masterchessopen.com - Berlin (Germany)"]
[Round "0"]
[White "Gruenenwald Joerg (SUI)"]
[Black "Becker Norbert (GER)"]
[Result "1-0"]
[WhiteElo "2331"]
[BlackElo "2196"]

1.d4 Nf6 2.c4 c5 3.d5 g6 4.Nc3 Bg7 5.e4 d6 6.Nf3 O-O 7.Be2 e6 8.O-O exd5
9.cxd5 Bg4 10.Bf4 Ne8 11.Bg5 Qc7 12.Nd2 Bxe2 13.Qxe2 h6 14.Bh4 Na6 15.Nc4 Qd7
16.a4 Nb4 17.f4 Nc7 18.f5 Rfe8 19.Qf3 Nc2 20.Rac1 Nd4 21.Qg3 Rxe4 22.fxg6 fxg6
23.Nxd6 Nxd5 24.Ndxe4 {#r} 1-0

[Event "It"]
[Site "masterchessopen.com - San Benedetto del Tronto (Italy)"]
[Round "0"]
[White "Marinelli Tullio (ITA)"]
[Black "Mora Federico (ITA)"]
[Result "1-0"]
[WhiteElo "2373"]
[BlackElo "2260"]

1.d4 Nf6 2.c4 c5 3.d5 e6 4.Nc3 exd5 5.cxd5 d6 6.e4 g6 7.Be2 Bg7 8.Nf3 O-O
9.O-O Nbd7 10.Nd2 Ne8 11.f4 Qe7 12.Kh1 Rb8 13.a4 b6 14.Re1 Nc7 15.Bf3 Re8
16.Nc4 Ba6 17.Ne3 Qf6 18.Nc2 Bc8 19.Bg4 a6 20.e5 dxe5 21.Ne4 Qd8 22.Nd6 Rf8
23.Nxc8 Rxc8 24.fxe5 f5 25.e6 Ne5 26.Bf3 Qd6 27.Bf4 g5 28.Bxg5 Nxf3 29.Qxf3
Qxd5 30.e7 Rfe8 31.Qg3 Qc6 32.Rad1 Nd5 33.Qf3 Nb4 34.Qb3+ Kh8 35.Nxb4 cxb4
36.Qf7 Qxa4 37.Rd8 Qc6 38.Qxe8+ Qxe8 39.Rxc8 {#r} 1-0

[Event "It (cat.9)"]
[Site "masterchessopen.com - Budapest (Hungary)"]
[Round "5"]
[White "Wedberg Tom (SWE)"]
[Black "Reeh Oliver (GER)"]
[Result "1-0"]
[WhiteElo "2475"]
[BlackElo "2453"]

1.d4 Nf6 2.Nf3 g6 3.c4 Bg7 4.Nc3 O-O 5.e4 d6 6.Be2 c5 7.d5 e6 8.O-O exd5
9.cxd5 Bg4 10.Bf4 Na6 11.Nd2 Bxe2 12.Qxe2 Re8 13.Nc4 Nh5 14.Qf3 Nxf4 15.Qxf4
Re7 16.Rfe1 Nb4 17.Qd2 Qd7 18.a3 Na6 19.a4 Rae8 20.f3 Nc7 21.Rad1 a6 22.Qf4
Be5 23.Nxe5 Rxe5 24.Qg3 R5e7 25.f4 f6 26.Qh4 Rf7 27.h3 Qd8 28.e5 fxe5 29.Qxd8
Rxd8 30.fxe5 dxe5 31.Rxe5 Re8 32.Rxe8+ Nxe8 33.Ne4 c4 34.a5 Kg7 35.Rd4 Nf6
36.Nc5 Kf8 37.d6 Nd7 38.Nxb7 Rf5 39.Rxc4 Kf7 40.Re4 Re5 41.Rxe5 Nxe5 42.Nc5
Nc6 43.Nxa6 Nxa5 44.Nc5 Nc4 45.d7 Ke7 46.b4 {#r} 1-0

[Event "?"]
[Site "masterchessopen.com - Budapest (Hungary)"]
[Round "0"]
[White "Rajna George (ISR)"]
[Black "Barczay Laszlo (HUN)"]
[Result "1-0"]
[WhiteElo "2390"]
[BlackElo "2381"]

1.d4 Nf6 2.Nf3 e6 3.c4 c5 4.d5 exd5 5.cxd5 d6 6.Nc3 g6 7.e4 Bg7 8.Be2 O-O
9.O-O Bg4 10.Nd2 Bxe2 11.Qxe2 Qb6 12.Nc4 Qa6 13.a4 Nbd7 14.Nb5 Ne8 15.Bg5 f6
16.Bf4 Ne5 17.Bxe5 fxe5 18.Qg4 {#r} 1-0

[Event "Ch New Zealand"]
[Site "masterchessopen.com - Dunedin (New Zealand)"]
[Round "0"]
[White "Martin Benjamin (NZL)"]
[Black "Metge J Nigel (NZL)"]
[Result "1-0"]
[WhiteElo "2375"]
[BlackElo "2130"]

1.d4 Nf6 2.c4 c5 3.d5 e6 4.Nc3 exd5 5.cxd5 d6 6.e4 g6 7.Nf3 Bg7 8.Be2 O-O
9.O-O Bg4 10.Bf4 a6 11.h3 Bxf3 12.Bxf3 Ne8 13.a4 Nd7 14.Qd2 c4 15.Be2 Rc8
16.Rfe1 Bf6 17.a5 Rc5 18.Be3 Rxa5 19.Bxc4 Rxa1 20.Rxa1 Qc7 21.Be2 Nc5 22.Qc2
Qe7 23.Bf3 Ng7 24.Na4 Qe5 25.Bxc5 dxc5 26.Qxc5 Ne8 27.Re1 Nd6 28.Nb6 Rd8 29.b4
Bh4 30.Re2 Nb5 31.Rd2 Bg5 32.Nc4 Qc3 33.Rd1 Bf4 34.Na5 Qb2 35.Nxb7 Nc3 36.Nxd8
Nxd1 37.Bxd1 Qd2 38.g3 Qxd1+ 39.Kg2 Be5 40.Qe7 {#r} 1-0

[Event "?"]
[Site "masterchessopen.com - ?"]
[Round "0"]
[White "Garcia Gonzales Guillermo (CUB)"]
[Black "Abreu Jorge D (DOM)"]
[Result "1-0"]
[WhiteElo "2485"]
[BlackElo "2381"]

1.d4 Nf6 2.Nf3 c5 3.d5 e6 4.c4 exd5 5.cxd5 d6 6.Nc3 g6 7.e4 Bg7 8.Be2 O-O
9.O-O Na6 10.Nd2 Nc7 11.a4 b6 12.Nc4 Ba6 13.Bg5 h6 14.Bh4 Re8 15.f3 Qd7 16.Bf2
Bxc4 17.Bxc4 a6 18.Qd3 Nh5 19.g3 Rf8 20.Kg2 Kh7 21.Be3 f5 22.exf5 Rxf5 23.Rad1
Re8 24.Bc1 Ra8 25.Qc2 Re5 26.g4 Nf6 27.Bf4 Ree8 28.Kh1 Rad8 29.Qd3 Qf7 30.Bg3
Nd7 31.Bxd6 Ne5 32.Bxe5 Bxe5 33.f4 Bxc3 34.d6 Qf6 35.Qxc3 Rxd6 36.Qxf6 {#r}
1-0

[Event "It (open)"]
[Site "masterchessopen.com - Belgorod (Russia)"]
[Round "0"]
[White "Karpman Vadim (UKR)"]
[Black "Efimov Igor (MNC)"]
[Result "1-0"]
[WhiteElo "2480"]
[BlackElo "2395"]

1.d4 d6 2.Nf3 Nf6 3.c4 g6 4.Nc3 Bg7 5.e4 O-O 6.Be2 c5 7.d5 e6 8.O-O exd5
9.cxd5 Na6 10.Bf4 Nc7 11.a4 Nh5 12.Bg5 f6 13.Be3 f5 14.exf5 Bxf5 15.Ng5 Nf6
16.Bc4 Ng4 17.Ne6 Nxe6 18.dxe6 Kh8 19.Bf4 Ne5 20.Bxe5 Bxe5 21.f4 Bd4+ 22.Kh1
Re8 23.Qb3 a6 24.Ne2 Bg7 25.Ng3 Bg4 26.f5 Qf6 27.Ne4 Qd4 28.f6 Qxe4 29.fxg7+
Kxg7 30.Rae1 Qd4 31.Qxb7+ Kh6 32.Re4 Rab8 33.Rxd4 Rxb7 34.Rxg4 Rxb2 35.Rh4+
Kg5 36.Rxh7 Rb4 37.h4+ {#r} 1-0

[Event "Bundesliga 1988/89"]
[Site "masterchessopen.com - Germany"]
[Round "0"]
[White "Reinartz Georg (GER)"]
[Black "Hemmann Arnold (GER)"]
[Result "1-0"]
[WhiteElo "2281"]
[BlackElo "2153"]

1.d4 Nf6 2.Nf3 c5 3.d5 g6 4.c4 Bg7 5.Nc3 d6 6.e4 O-O 7.Be2 e6 8.O-O exd5
9.cxd5 Na6 10.Bf4 Bg4 11.Nd2 Bxe2 12.Qxe2 Nh5 13.Be3 Nc7 14.g4 Nf6 15.a4 h5
16.h3 Qd7 17.g5 Nh7 18.h4 f5 19.gxf6 Bxf6 20.f4 Rae8 21.f5 Kh8 22.fxg6 Rg8
23.Qxh5 Rxg6+ 24.Qxg6 Rg8 25.Qxg8+ Kxg8 26.Rf5 Ne8 27.Kf2 Ng7 28.Rg1 Bxh4+
29.Ke2 Kh8 30.Rf4 Bf6 31.Rfg4 Qf7 32.Nb5 Ne8 33.Bh6 Bxb2 34.Nxa7 Bd4 35.R1g2
Nhf6 36.Rh4 Nh7 37.Nf3 Bf6 38.Rhg4 c4 39.Nb5 c3 40.Nfd4 Bxd4 41.Nxd4 Qh5
42.Nf3 Qf7 43.Be3 Nef6 44.Rh4 Qc7 45.Kd3 c2 46.Ng5 c1=Q 47.Bxc1 b5 48.Rxh7+
{#r} 1-0

[Event "Match \"]
[Site "masterchessopen.com - Germany"]
[Round "1"]
[White "Kindl Peter (GER)"]
[Black "Maus Soenke (GER)"]
[Result "0-1"]
[WhiteElo "2280"]
[BlackElo "2403"]

1.d4 Nf6 2.c4 c5 3.d5 e6 4.Nc3 exd5 5.cxd5 d6 6.e4 g6 7.Be2 Bg7 8.Nf3 O-O
9.O-O Na6 10.Nd2 Nc7 11.a4 b6 12.Nc4 Ba6 13.Bg5 Qd7 14.Qd2 Bxc4 15.Bxc4 a6
16.Rfe1 b5 17.e5 dxe5 18.Bxf6 Bxf6 19.Ne4 Bg7 20.Nxc5 Qd6 21.Ne4 Qb6 22.axb5
Nxb5 23.d6 Nd4 24.h4 h6 25.h5 g5 26.Qd3 Kh8 27.Rxa6 Rxa6 28.Bxa6 f5 29.Nc3
Qxd6 30.Bc4 Qb4 31.Rb1 e4 32.Nd5 Qc5 33.Qf1 Rc8 34.b3 f4 35.Qe1 Re8 36.Qb4 Qc8
37.Qa4 e3 38.fxe3 fxe3 39.Re1 e2 40.Nc3 Rf8 41.Nxe2 Qg4 42.Rf1 Nxe2+ 43.Bxe2
Bd4+ {#R} 0-1

[Event "Tournament (swiss)"]
[Site "masterchessopen.com - Podolsk (Russia)"]
[Round "0"]
[White "Ruban Vadim (RUS)"]
[Black "Anastasian Ashot (ARM)"]
[Result "1-0"]
[WhiteElo "2515"]
[BlackElo "2475"]

1.d4 Nf6 2.c4 e6 3.Nf3 c5 4.d5 exd5 5.cxd5 d6 6.Nc3 g6 7.e4 Bg7 8.Be2 O-O
9.O-O Bg4 10.Bf4 Bxf3 11.Bxf3 a6 12.Re1 Re8 13.Qd2 Qc7 14.e5 dxe5 15.d6 Qb6
16.Bxe5 Nc6 17.Bxf6 Bxf6 18.d7 Rxe1+ 19.Rxe1 Kg7 20.Re8 Nd8 21.h4 h5 22.Ne4
Bd4 23.Qg5 Bxb2 24.Qe7 Kh6 25.Nd6 Kg7 26.Qf8+ {#r} 1-0

[Event "Ch Cuba"]
[Site "masterchessopen.com - S-Spiritus (Cuba)"]
[Round "0"]
[White "Ibanez Dagoberto (CUB)"]
[Black "Vera Reynaldo (CUB)"]
[Result "0-1"]
[WhiteElo "2197"]
[BlackElo "2480"]

1.d4 Nf6 2.c4 e6 3.Nf3 c5 4.d5 exd5 5.cxd5 d6 6.Nc3 g6 7.e4 Bg7 8.Be2 O-O
9.O-O Na6 10.Nd2 Ne8 11.Nc4 f5 12.exf5 Bxf5 13.Ne3 Bd7 14.Bd2 Nac7 15.a4 a6
16.a5 Nb5 17.Nc4 Nd4 18.Nb6 Rb8 19.Nxd7 Qxd7 20.Bg4 Qf7 21.Be3 Nc7 22.Re1 Rbe8
23.Qa4 h5 24.Bd1 Rxe3 {#R} 0-1

[Event "It"]
[Site "masterchessopen.com - Terrasa (Spain)"]
[Round "0"]
[White "Campos Jose Felix (ARG)"]
[Black "Bellon Lopez Juan Manuel (ESP)"]
[Result "1-0"]
[WhiteElo "2163"]
[BlackElo "2470"]

1.d4 Nf6 2.c4 c5 3.d5 e6 4.Nc3 exd5 5.cxd5 d6 6.Nf3 g6 7.e4 Bg7 8.Be2 O-O
9.O-O Na6 10.Nd2 Nc7 11.a4 b6 12.Nc4 Ba6 13.Rb1 Re8 14.Qc2 Bxc4 15.Bxc4 a6
16.b4 cxb4 17.Rxb4 Rc8 18.Bd2 b5 19.axb5 axb5 20.Bd3 Ncxd5 21.exd5 Nxd5
22.Nxd5 Rxc2 23.Bxc2 Re2 24.Rd1 Qa8 25.Re4 Rxe4 26.Bxe4 Qa7 27.Bf3 Bd4 28.Bb4
Bc5 29.Bc3 Qa2 30.Bf6 Qxf2+ 31.Kh1 h5 32.Nc3 d5 33.Nxd5 b4 34.Be5 f5 35.Nf6+
Kf7 36.Bd5+ Ke7 37.Bb3 Bd6 38.Ng8+ {#r} 1-0

[Event "Ch Greece"]
[Site "masterchessopen.com - Ano Liosia (Greece)"]
[Round "0"]
[White "Skembris Spyridon (GRE)"]
[Black "Kagas Konstantinos (GRE)"]
[Result "1-0"]
[WhiteElo "2463"]
[BlackElo "2056"]

1.d4 Nf6 2.Nf3 c5 3.d5 d6 4.c4 g6 5.Nc3 Bg7 6.e4 O-O 7.Be2 e6 8.O-O exd5
9.cxd5 Bg4 10.Bf4 Nh5 11.Bg5 f6 12.Bc1 f5 13.Ng5 f4 14.Ne6 Bxe6 15.dxe6 Qh4
16.Nd5 Nc6 17.e7 Nxe7 18.Bxh5 gxh5 19.Bxf4 Rxf4 20.g3 Rg4 21.Kh1 Rxg3 22.Nxe7+
Qxe7 23.Qd5+ Kh8 24.fxg3 Re8 25.Rae1 Be5 26.Rf7 Qg5 27.Ref1 h4 28.Rf8+ {#r}
1-0

[Event "Ch BRD"]
[Site "masterchessopen.com - Bad Neuenahr (Germany)"]
[Round "0"]
[White "Boensch Uwe (GER)"]
[Black "Schuh Hubert (GER)"]
[Result "1-0"]
[WhiteElo "2560"]
[BlackElo "2292"]

1.d4 Nf6 2.c4 e6 3.Nc3 c5 4.d5 exd5 5.cxd5 d6 6.e4 g6 7.Nf3 Bg7 8.Be2 O-O
9.O-O Na6 10.Nd2 Nc7 11.a4 b6 12.f4 Nfe8 13.Nf3 Qe7 14.Re1 a6 15.e5 Rb8 16.h3
Bb7 17.Bf1 Kh8 18.Be3 Qd7 19.a5 b5 20.exd6 Qxd6 21.Ne4 Qxd5 22.Bxc5 Rg8 23.Ne5
f6 24.Ba7 Rd8 25.Nc3 fxe5 26.Nxd5 Rxd5 27.Qc2 Ne6 28.fxe5 N8c7 29.Rad1 Rgd8
30.Rxd5 Nxd5 31.Qb3 Re8 32.Bc4 Ndf4 33.Bxe6 Nxe6 34.Rf1 g5 35.Rf7 Be4 36.Qb4
Bg6 37.Re7 Ra8 38.Rxe6 Rxa7 39.Qc5 Rf7 40.Re8+ {#r} 1-0

[Event "It (open)"]
[Site "masterchessopen.com - Geneva (Switzerland)"]
[Round "0"]
[White "Efimov Igor (MNC)"]
[Black "Gavrikov Viktor (LTU)"]
[Result "0-1"]
[WhiteElo "2430"]
[BlackElo "2585"]

1.d4 Nf6 2.c4 e6 3.Nc3 c5 4.d5 exd5 5.cxd5 d6 6.e4 g6 7.Be2 Bg7 8.Nf3 O-O
9.O-O Bg4 10.Nd2 Bxe2 11.Qxe2 Nbd7 12.Nc4 Nb6 13.Ne3 Qe7 14.f3 Rae8 15.a4 a6
16.a5 Nbd7 17.Ra4 Nh5 18.g4 Nf4 19.Qd1 Ne5 20.Nf5 gxf5 21.Bxf4 Ng6 22.Bg3 f4
23.Bf2 h5 24.h3 Be5 25.gxh5 Qg5+ 26.Kh2 Qxh5 27.Rg1 Kg7 28.Rg4 Rh8 29.Qf1 Reg8
30.Ra3 Kf8 31.Rb3 Bxc3 32.Rxc3 f5 33.exf5 Qxf5 34.b4 cxb4 35.Rc4 b3 36.Rc1 b2
37.Rc8+ Kf7 38.Rc7+ Kf8 39.Rc8+ Ke7 40.Qe1+ Kd7 41.Rxg8 Rxg8 42.Rg1 Ne5 {#R}
0-1

[Event "Ch Hessen (qual)"]
[Site "masterchessopen.com - Hessen (Germany)"]
[Round "10"]
[White "Huss Rolf (GER)"]
[Black "Janoschka Arnd (GER)"]
[Result "0-1"]
[WhiteElo "2163"]
[BlackElo "2338"]

1.d4 Nf6 2.c4 c5 3.d5 e6 4.Nc3 exd5 5.cxd5 d6 6.e4 g6 7.Nf3 Bg7 8.Be2 O-O
9.O-O Bg4 10.Nd2 Bxe2 11.Qxe2 Re8 12.Qd3 Nbd7 13.Nc4 Ne5 14.Nxe5 Rxe5 15.Bf4
Re8 16.Rae1 a6 17.a4 Rb8 18.Bg3 Nh5 19.f4 Nxg3 20.Qxg3 b5 21.axb5 axb5 22.e5
dxe5 23.fxe5 b4 24.Ne4 Bxe5 25.Qf3 f5 26.Ng3 Bxb2 27.Rxe8+ Qxe8 28.d6 Bd4+
29.Kh1 Qe6 30.Qf4 Rd8 31.Nh5 Qxd6 32.Qg5 Bg7 {#R} 0-1

[Event "Cup Scandic"]
[Site "masterchessopen.com - Odense (Denmark)"]
[Round "5"]
[White "Burgess Graham (ENG)"]
[Black "Pekarek Ales (CZE)"]
[Result "0-1"]
[WhiteElo "2275"]
[BlackElo "2406"]

1.d4 g6 2.e4 Bg7 3.c4 c5 4.d5 d6 5.Nc3 Nf6 6.Nf3 O-O 7.Be2 e6 8.O-O exd5
9.cxd5 Bg4 10.Bf4 Bxf3 11.Bxf3 a6 12.Re1 b5 13.e5 dxe5 14.Bxe5 Ra7 15.Qc1 Re7
16.d6 Re6 17.Bg3 Rxe1+ 18.Qxe1 b4 19.Na4 Nfd7 20.Rc1 Re8 21.Qd2 Bd4 22.Bd5 Qf6
23.h3 g5 24.Kh2 h5 25.h4 gxh4 26.Bf4 Re5 27.Bf3 Rf5 28.g3 Ne5 29.Qe2 Rxf4
30.gxf4 Qxf4+ 31.Kg2 Qxc1 32.Bxh5 Qg5+ {#R} 0-1

[Event "It (cat.9)"]
[Site "masterchessopen.com - Santa Clara (Cuba)"]
[Round "0"]
[White "Ruban Vadim (RUS)"]
[Black "Garcia Martinez Silvino (CUB)"]
[Result "1-0"]
[WhiteElo "2575"]
[BlackElo "2319"]

1.d4 Nf6 2.c4 g6 3.Nc3 Bg7 4.e4 d6 5.Nf3 O-O 6.Be2 c5 7.d5 e6 8.O-O exd5
9.cxd5 Bg4 10.Bf4 Re8 11.Nd2 Bxe2 12.Qxe2 a6 13.a4 Nh5 14.Be3 Nd7 15.a5 Bd4
16.Ra4 Ng7 17.Bxd4 cxd4 18.Rxd4 Qxa5 19.Nc4 Qc7 20.Ne3 b5 21.Qd2 Nc5 22.Ng4
Nh5 23.Qd1 Rab8 24.Qf3 b4 25.Ne2 Nd7 26.Nh6+ Kg7 27.Nxf7 Rf8 28.Ng5 Rxf3
29.Ne6+ Kg8 30.Nxc7 Rb3 31.Rd2 Ne5 32.Nc1 Rf3 33.Nxa6 Rb6 34.Nc7 b3 35.Ne6 Rf7
36.f4 Nc4 37.Re2 Ra7 38.Nd4 Ra1 39.g3 Rb1 40.Ncxb3 Rxb2 41.Rxb2 {#r} 1-0

[Event "It (cat.10) \"]
[Site "masterchessopen.com - Stary Smokovec (Slovakia)"]
[Round "5"]
[White "Plachetka Jan (SVK)"]
[Black "Horvath Csaba (HUN)"]
[Result "0-1"]
[WhiteElo "2425"]
[BlackElo "2517"]

1.d4 Nf6 2.c4 e6 3.Nf3 c5 4.d5 exd5 5.cxd5 d6 6.Nc3 g6 7.e4 Bg7 8.Be2 O-O
9.O-O Na6 10.Bf4 Nc7 11.Nd2 Nfe8 12.a4 f5 13.exf5 Bxf5 14.Bg3 Bd4 15.Nc4 Qf6
16.Qd2 a6 17.Nb6 Rb8 18.Rae1 Na8 19.Nc4 Nac7 20.Bf3 b5 21.Na5 b4 22.Nd1 Bd7
23.Nc6 Bxc6 24.dxc6 Rd8 25.Bg4 h5 26.Re4 hxg4 27.Rxg4 Qf5 28.Rg5 Qf7 29.Qd3
Kg7 30.h4 Nf6 31.Ne3 Bxe3 32.fxe3 c4 33.Qc2 Qe8 34.Rf3 Qe4 35.Qd2 Qxc6 36.h5
Nxh5 37.Qc2 Qe8 38.Rxf8 Qxe3+ 39.Qf2 Qc1+ 40.Kh2 Qxg5 41.Bxd6 Nf6 {#R} 0-1

[Event "Tournament"]
[Site "masterchessopen.com - Aalborg (Denmark)"]
[Round "3"]
[White "Christensen Bent (DEN)"]
[Black "Jakobsen Lars Veno (DEN)"]
[Result "1-0"]
[WhiteElo "2031"]
[BlackElo "2316"]

1.d4 Nf6 2.c4 c5 3.d5 e6 4.Nc3 exd5 5.cxd5 d6 6.e4 g6 7.Nf3 Bg7 8.Be2 O-O
9.O-O Bg4 10.Bf4 Re8 11.Qc2 Na6 12.Rae1 Nh5 13.Bg5 Bf6 14.Be3 Nc7 15.h3 Bxf3
16.Bxf3 b5 17.Bxh5 gxh5 18.Ne2 h4 19.Nf4 b4 20.Nh5 Re5 21.Nxf6+ Qxf6 22.f4
Ree8 23.e5 Qd8 24.Rd1 Nb5 25.Qe2 Qd7 26.Qh5 c4 27.Bf2 {#r} 1-0

[Event "Ch World (students)"]
[Site "masterchessopen.com - Antwerpen (Belgium)"]
[Round "0"]
[White "Shikerov Stefan (BUL)"]
[Black "Xu Yang (CHN)"]
[Result "0-1"]
[WhiteElo "2322"]
[BlackElo "2359"]

1.d4 Nf6 2.c4 e6 3.Nc3 c5 4.d5 exd5 5.cxd5 d6 6.e4 g6 7.Nf3 Bg7 8.Be2 O-O
9.O-O Bg4 10.Nd2 Bxe2 11.Qxe2 Re8 12.f3 Na6 13.a3 Nc7 14.Qd3 Nh5 15.Nb3 b5
16.Nxb5 c4 17.Qxc4 Nxb5 18.Be3 a6 19.a4 Rc8 20.Qd3 Nc7 21.g4 Nf6 22.Nd4 Nd7
23.Rac1 Nc5 24.Qc4 Qd7 25.b3 Nxe4 26.Qc6 Nf6 27.Bf2 Ncxd5 28.Qxa6 Nxg4 29.Rxc8
Rxc8 30.fxg4 Qxg4+ 31.Kh1 Bxd4 32.Bxd4 Qe4+ 33.Kg1 Qxd4+ {#R} 0-1